[Event "28. Friedensfest-Open (AFRO-A)"]
[Site "Augsburg"]
[Date "2023.08.05"]
[Round "6.10"]
[White "Foerch, Benedikt"]
[Black "Nagy, Peter"]
[Result "1-0"]
[WhiteElo "2122"]
[BlackElo "1585"]
[EventDate "2023.08.03"]
[Time "15:30:00"]
[WhiteTeam "SK Neuburg"]
[BlackTeam "Rosenheimer-Schachverein in der"]

1.Nf3 Nf6 2.g3 g6 3.Bg2 Bg7 4.O-O O-O 5.c4 d6 6.Nc3 Nc6 7.Rb1 a5 8.a3 e5 
9.b4 axb4 10.axb4 Be6 11.b5 Ne7 12.d3 h6 13.Qc2 Qd7 14.Bb2 Bh3 15.Ra1 Bxg2
16.Kxg2 c6 17.e4 Nh5 18.Rxa8 Rxa8 19.Ra1 Qc8 20.Rxa8 Qxa8 21.Qb3 c5 22.Qa4
Qxa4 23.Nxa4 Nf6 24.Bc3 Kf8 25.Ba5 Ke8 26.h3 Kd7 27.Kf1 Bf8 28.Ke2 Ke6 29.
Bd8 Kd7 30.Ba5 Ke6 31.Ne1 Nd7 32.f3 f5 33.Ng2 h5 34.Bd2 Ng8 35.Nh4 Kf6 36.
Ba5 Nh6 37.Nc3 g5 38.Bd8+ Be7 39.Nd5+ 1-0

[Event "28. Friedensfest-Open (AFRO-A)"]
[Site "Augsburg"]
[Date "2023.08.03"]
[Round "1.33"]
[White "Nagy, Peter"]
[Black "Glaab, Nikolai"]
[Result "1-0"]
[WhiteElo "1585"]
[BlackElo "1793"]
[EventDate "2023.08.03"]
[Time "09:30:00"]
[WhiteTeam "Rosenheimer-Schachverein in der"]
[BlackTeam "SK Koenigsbrunn"]

1.Nf3 Nf6 2.g3 g6 3.Bg2 Bg7 4.O-O O-O 5.c4 c5 6.Nc3 Nc6 7.Rb1 d6 8.a3 a5 
9.d3 h6 10.Bd2 Kh7 11.Ne1 Bd7 12.Nc2 Qc8 13.Re1 Bh3 14.Bh1 Ng4 15.Nd5 Qf5 
16.Nf4 Nxf2 17.Kxf2 Ne5 18.Kg1 Bg4 19.Ne3 Qd7 20.Nxg4 Nxg4 21.Nd5 Ra6 22.
Bg2 e6 23.Nc3 f5 24.h3 Ne5 25.b4 axb4 26.axb4 b6 27.bxc5 dxc5 28.Qb3 Qd4+ 
29.Kh1 Qf2 30.Kh2 f4 31.Bxf4 Rxf4 32.Rf1 Qe3 33.Rxf4 h5 34.Rbf1 Bh6 35.Re4
Qg5 36.Qb5 Ra7 37.Qxb6 Re7 38.Qd6 Bg7 39.Nb5 1-0